Statistics for Regions of Italy

Click here to take the quiz!

General Stats

  • This quiz has been taken 19,335 times
    (19,331 since last reset)
  • The average score is 10 of 20

Answer Stats

Capital Region % Correct
PalermoSicily
92%
FlorenceTuscany
87%
CagliariSardinia
79%
MilanLombardy
59%
RomeLazio
54%
VeniceVeneto
51%
CatanzaroCalabria
50%
TurinPiedmont
49%
PerugiaUmbria
48%
BolognaEmilia-Romagna
46%
BariApulia
44%
GenoaLiguria
43%
AostaAosta Valley
41%
NaplesCampania
39%
TrentoTrentino-Alto Adige
36%
L'AquilaAbruzzo
35%
AnconaMarche
33%
TriesteFriuli-Venezia Giulia
31%
PotenzaBasilicata
30%
CampobassoMolise
28%

Score Distribution

Percentile by Number Answered

Percent of People with Each Score

Your Score History

You have not taken this quiz since the last reset